Práva a povinnosti zamestnanca zodpovedného za vedenie pokladnice
Článok pripomína obciam, rozpočtovým a príspevkovým organizáciám (ROPO), že majú povinnosť s pokladníkom uzatvoriť písomnú dohodu o hmotnej zodpovednosti. V zmysle ustanovenia §182 zákona č.311/2001 Z.z. Zákonník práce v znp. je pokladník zodpovedný za schodok na zverených hodnotách, ktoré je povinn...
Enregistré dans:
| Auteur principal: | |
|---|---|
| Format: | Chapitre de livre |
| Langue: | slovaque |
| Sujets: | |
| Tags: |
Pas de tags, Soyez le premier à ajouter un tag!
|
MARC
| LEADER | 00000naa a2200000 4500 | ||
|---|---|---|---|
| 001 | 0278632 | ||
| 005 | 20210921172308.7 | ||
| 041 | 0 | |a slo | |
| 044 | |a SK | ||
| 245 | 1 | 0 | |a Práva a povinnosti zamestnanca zodpovedného za vedenie pokladnice |c Ingrid Konečná Veverková |
| 520 | |a Článok pripomína obciam, rozpočtovým a príspevkovým organizáciám (ROPO), že majú povinnosť s pokladníkom uzatvoriť písomnú dohodu o hmotnej zodpovednosti. V zmysle ustanovenia §182 zákona č.311/2001 Z.z. Zákonník práce v znp. je pokladník zodpovedný za schodok na zverených hodnotách, ktoré je povinný vyúčtovať. | ||
| 610 | 2 | 0 | |a zamestnanci |
| 610 | 2 | 0 | |a pokladnica |
| 610 | 2 | 0 | |a zákonník práce |
| 610 | 2 | 0 | |a zodpovednosť hmotná |
| 100 | 1 | |a Konečná Veverková, Ingrid | |